Suffolk Train Stations - Statistics

General Stats
  • This quiz has been taken 77 times
  • The average score is 17 of 25
Answer Stats
Stations % Correct
Ipswich
100%
Bury St Edmunds
92%
Lowestoft
91%
Felixstowe
86%
Stowmarket
86%
Woodbridge
83%
Newmarket
78%
Sudbury
78%
Saxmundham
77%
Beccles
75%
Needham Market
72%
Trimley
69%
Melton
63%
Westerfield
61%
Derby Road
59%
Halesworth
59%
Elmswell
58%
Oulton Broad South
58%
Wickham Market
58%
Thurston
56%
Darsham
55%
Oulton Broad North
55%
Brampton
50%
Lakenheath
45%
Somerleyton
38%
No matching quizzes found
Score Distribution
Percent of People with Each Score
Percentile by Number Answered
Your Score History
You have not taken this quiz